| 000 | 00405pab a2200157 454500 | ||
|---|---|---|---|
| 008 | 180718b1988 xxu||||| |||| 00| 0 eng d | ||
| 100 | _aGogal, Helen C. | ||
| 245 |
_aProject management _bMeeting China's challenge |
||
| 260 | _c1988 | ||
| 300 | _a61-6 | ||
| 362 | _aFeb. | ||
| 650 | _aProject Management - China | ||
| 700 | _aLewis R. Ireland | ||
| 773 | _aProject Management Journal | ||
| 909 | _a16252 | ||
| 999 |
_c16252 _d16252 |
||